Juegos Olimpicos de verano A-W - Estadísticas

Estadísticas generales
  • Esta prueba ha sido intentada 69 veces
  • La puntuación promedio es 13 de 17
Estadísticas de respuestas
Letra Juego % Correcto
F Fútbol
100%
A Atletismo
98%
B Bádminton, baloncesto, balonmano, béisbol, boxeo
97%
T Taekwondo, tenis, tenis de mesa, tiro con arco, tiro deportivo, triatlón
91%
N Natación, natación sincronizada
88%
S Salto, skateboarding, sóftbol, surf
83%
E Escalada Deportiva, esgrima, equitación
81%
W Waterpolo
81%
G Gimnasia, golf
79%
J Judo
79%
K Karate
79%
V Vela, voleibol, vóley playa
79%
R Remo, rugby 7
66%
H Halterofilia, hockey hierba
64%
C Ciclismo
60%
P Pentatlón moderno, piragüismo
53%
L Lucha
47%
No se encontraron pruebas coincidentes
Distribución de puntuación
Porcentaje de gente con cada puntuación
Porcentaje por número respondido
Historial de tus puntuaciones
No has intentado esta prueba.